This is a test record (Record no. 121250)

MARC details
000 -LEADER
fixed length control field 00351nam a22001337a 4500
008 - FIXED-LENGTH DATA ELEMENTS--GENERAL INFORMATION
fixed length control field 160218b xxu||||| |||| 00| 0 eng d
041 ## - LANGUAGE CODE
Language code of text/sound track or separate title eng
100 ## - MAIN ENTRY--PERSONAL NAME
Personal author Test Author
110 ## - MAIN ENTRY--CORPORATE NAME
Corporate author Engineering Contractors Association
245 ## - TITLE STATEMENT
Title This is a test record
610 #0 - SUBJECT ADDED ENTRY--CORPORATE NAME
9 (RLIN) 1364
Corporate name or jurisdiction name as entry element Building Advisory Service
651 ## - SUBJECT ADDED ENTRY--GEOGRAPHIC NAME
Geographic name United Kingdom
942 ## - ADDED ENTRY ELEMENTS (KOHA)
Suppress in OPAC Do not suppress in OPAC

No items available.